Statistiche per Ricostruisci la Carriera del Calciatore - Marco Sportiello

Clicka qui per fare il quiz!

Statistiche generali

  • Questo quiz è stato fatto 6 volte
  • Il punteggio medio è 4 su 8

Statistiche sulle risposte

HintRisposta% Corretto
2013-2017 Atalanta
75%
2017-2018Fiorentina
75%
2012-2013Carpi
50%
2018-2019Frosinone
50%
2023- Milan
50%
2010-2011 Seregno
50%
2019-2023 Atalanta
25%
2011-2012 Poggibonsi
25%

Distribuzione punteggi

Percentile per numero di risposta

Percentuale di utenti per punteggio

I tuoi punteggi nel tempo

Non hai fatto questo quiz